Catalog

Record Details

Catalog Search



Remembering yesterday, caring today : reminiscence in dementia care : a guide to good practice  Cover Image Book Book

Remembering yesterday, caring today : reminiscence in dementia care : a guide to good practice / Pam Schweitzer and Errollyn Bruce ; foreword by Faith Gibson

Schweitzer, Pam (Author). Bruce, Errollyn (Added Author). Bradford Dementia Group (Added Author).

Record details

  • ISBN: 978-1843106494
  • Physical Description: 224 p. : ill., ports.
  • Publisher: Philadelphia : Jessica Kingsley Publishers, 2008

Content descriptions

Bibliography, etc. Note:
Obsahuje bibliografické odkazy a rejstřík
Subject: Reminiscing in old age > Therapeutic use
Dementia > Patients > Care > Psychological aspects
demence

Available copies

  • 1 of 1 copy available at Common Catalog SPOK.

Holds

  • 0 current holds with 1 total copy.
Show Only Available Copies
Location Call Number / Copy Notes Barcode Shelving Location Status Due Date
Jabok Library SPr-3.5/S 424480034568 Odborná literatura Available -

LDR 01481nam a2200373 a 4500
00118282
003CZ-PrJAB
00520150416093558.0
007ta
008080204s2008 xxuac 001 0 eng d
020 . ‡a978-1843106494
020 . ‡z1-84310-649-3
035 . ‡a(CZ PrSKC)ebr10251499
040 . ‡aCaPaEBR ‡bcze ‡dABA001 ‡dABG312
1001 . ‡aSchweitzer, Pam
24510. ‡aRemembering yesterday, caring today : ‡breminiscence in dementia care : a guide to good practice / ‡cPam Schweitzer and Errollyn Bruce ; foreword by Faith Gibson
260 . ‡aPhiladelphia : ‡bJessica Kingsley Publishers, ‡c2008
300 . ‡a224 p. : ‡bill., ports.
4901 . ‡aBradford Dementia Group good practice guides
504 . ‡aObsahuje bibliografické odkazy a rejstřík
650 0. ‡aReminiscing in old age ‡xTherapeutic use
650 0. ‡aDementia ‡xPatients ‡xCare ‡xPsychological aspects
65007. ‡ademence ‡7ph119366 ‡2czenas
6530 . ‡areminiscence ‡aprojekty
7001 . ‡aBruce, Errollyn
7102 . ‡aBradford Dementia Group
830 0. ‡aBradford Dementia Group good practice guides.
910 . ‡aABG312
901 . ‡a18282 ‡b ‡c18282 ‡tbiblio

Additional Resources